[Event "DEM U10w 2022"]
[Site "Willingen GER"]
[Date "2022.06.06"]
[Round "3"]
[White "Glotz, Katharina"]
[Black "Jiang, Lucia"]
[Result "1-0"]
[Termination "normal"]
[Board "10"]
[WhiteElo "1067"]
[BlackElo "919"]
[WhiteClock "00:10:50"]
[BlackClock "00:37:52"]
[PlyCount "79"]
[WhiteFideId "34631011"]
[EventCountry "GER"]
[EventRounds "11"]
[EventType "swiss"]
[EventDate "2022.06.04"]

1. e4 {[%clk 01:15:57]} {[%emt 00:00:02]} e5 {[%clk 01:15:53]} {[%emt
00:00:08]} 2. Nf3 {[%clk 01:16:16]} {[%emt 00:00:10]} Nc6 {[%clk 01:16:16]}
{[%emt 00:00:08]} 3. Bc4 {[%clk 01:16:32]} {[%emt 00:00:14]} Bc5 {[%clk
01:16:40]} {[%emt 00:00:06]} 4. O-O {[%clk 01:16:38]} {[%emt 00:00:23]} Nf6
{[%clk 01:17:03]} {[%emt 00:00:08]} 5. d3 {[%clk 01:13:14]} {[%emt 00:03:53]}
d6 {[%clk 01:16:51]} {[%emt 00:00:42]} 6. Be3 {[%clk 01:13:05]} {[%emt
00:00:39]} Bb6 {[%clk 01:16:20]} {[%emt 00:01:02]} 7. h3 {[%clk 01:10:41]}
{[%emt 00:01:59]} h6 {[%clk 01:14:35]} {[%emt 00:03:10]} 8. Nc3 {[%clk
01:08:48]} {[%emt 00:02:21]} O-O {[%clk 01:14:06]} {[%emt 00:01:00]} 9. d4
{[%clk 01:07:23]} {[%emt 00:01:54]} Nd7 {[%clk 01:11:06]} {[%emt 00:03:31]} 10.
Nd5 {[%clk 00:57:21]} {[%emt 00:10:31]} Nf6 {[%clk 01:07:22]} {[%emt 00:04:16]}
11. dxe5 {[%clk 00:48:39]} {[%emt 00:09:12]} Nxe4 {[%clk 01:00:44]} {[%emt
00:07:08]} 12. Bxb6 {[%clk 00:36:23]} {[%emt 00:12:45]} axb6 {[%clk 00:59:45]}
{[%emt 00:01:30]} 13. Re1 {[%clk 00:30:42]} {[%emt 00:06:11]} Ng5 {[%clk
00:58:50]} {[%emt 00:01:24]} 14. Nxg5 {[%clk 00:29:47]} {[%emt 00:01:25]} Qxg5
{[%clk 00:57:40]} {[%emt 00:01:39]} 15. Nxc7 {[%clk 00:26:19]} {[%emt
00:03:59]} Bxh3 {[%clk 00:55:57]} {[%emt 00:02:13]} 16. Qf3 {[%clk 00:25:05]}
{[%emt 00:01:43]} Ra4 {[%clk 00:50:53]} {[%emt 00:05:18]} 17. Qxh3 {[%clk
00:20:28]} {[%emt 00:05:25]} Rxc4 {[%clk 00:49:22]} {[%emt 00:02:01]} 18. e6
{[%clk 00:18:14]} {[%emt 00:02:43]} Qf6 {[%clk 00:45:11]} {[%emt 00:04:38]} 19.
Nd5 {[%clk 00:16:57]} {[%emt 00:01:48]} Qd4 {[%clk 00:43:00]} {[%emt 00:02:40]}
20. Nc3 {[%clk 00:14:39]} {[%emt 00:02:50]} Qf6 {[%clk 00:39:35]} {[%emt
00:03:48]} 21. Qe3 {[%clk 00:12:26]} {[%emt 00:02:51]} Rc5 {[%clk 00:38:14]}
{[%emt 00:01:52]} 22. Ne4 {[%clk 00:12:30]} {[%emt 00:00:25]} Qxe6 {[%clk
00:37:28]} {[%emt 00:01:17]} 23. Nxc5 {[%clk 00:12:51]} {[%emt 00:00:09]} Qxe3
{[%clk 00:37:48]} {[%emt 00:00:09]} 24. Rxe3 {[%clk 00:13:09]} {[%emt
00:00:13]} bxc5 {[%clk 00:38:07]} {[%emt 00:00:10]} 25. Rd3 {[%clk 00:12:12]}
{[%emt 00:01:26]} Rd8 {[%clk 00:38:22]} {[%emt 00:00:17]} 26. Rad1 {[%clk
00:12:14]} {[%emt 00:00:28]} Re8 {[%clk 00:37:51]} {[%emt 00:01:01]} 27. Rxd6
{[%clk 00:12:06]} {[%emt 00:00:38]} Nb4 {[%clk 00:38:07]} {[%emt 00:00:14]} 28.
Rb6 {[%clk 00:11:58]} {[%emt 00:00:38]} Nxc2 {[%clk 00:37:52]} {[%emt
00:00:45]} 29. Rxb7 {[%clk 00:11:50]} {[%emt 00:00:35]} f6 {[%clk 00:38:08]}
{[%emt 00:00:17]} 30. Rdd7 {[%clk 00:11:48]} {[%emt 00:00:29]} Re4 {[%clk
00:37:52]} {[%emt 00:00:49]} 31. Rxg7+ {[%clk 00:12:05]} {[%emt 00:00:13]} Kf8
{[%clk 00:38:03]} {[%emt 00:00:20]} 32. Rh7 {[%clk 00:10:52]} {[%emt 00:01:42]}
Kg8 {[%clk 00:37:05]} {[%emt 00:01:29]} 33. Rxh6 {[%clk 00:10:58]} {[%emt
00:00:23]} Re1+ {[%clk 00:37:08]} {[%emt 00:00:26]} 34. Kh2 {[%clk 00:11:07]}
{[%emt 00:00:20]} Re2 {[%clk 00:37:01]} {[%emt 00:00:38]} 35. Rxf6 {[%clk
00:11:08]} {[%emt 00:00:30]} Nd4 {[%clk 00:37:04]} {[%emt 00:00:28]} 36. a4
{[%clk 00:10:21]} {[%emt 00:01:16]} Rxb2 {[%clk 00:37:12]} {[%emt 00:00:22]}
37. Rxb2 {[%clk 00:10:33]} {[%emt 00:00:19]} Kg7 {[%clk 00:37:19]} {[%emt
00:00:22]} 38. Ra6 {[%clk 00:10:32]} {[%emt 00:00:30]} c4 {[%clk 00:37:32]}
{[%emt 00:00:18]} 39. Rb7+ {[%clk 00:10:50]} {[%emt 00:00:11]} Kf8 {[%clk
00:37:52]} {[%emt 00:00:11]} 40. Ra8# {[%emt 00:00:07]} 1-0

[Event "DEM U10w 2022"]
[Site "Willingen GER"]
[Date "2022.06.06"]
[Round "3"]
[White "Subocz, Barbara"]
[Black "Nönnig, Lotte"]
[Result "0-1"]
[Termination "normal"]
[Board "11"]
[WhiteElo "902"]
[BlackElo "1049"]
[WhiteClock "01:17:18"]
[BlackClock "01:05:18"]
[PlyCount "82"]
[WhiteFideId "41805658"]
[BlackFideId "34611509"]
[EventCountry "GER"]
[EventRounds "11"]
[EventType "swiss"]
[EventDate "2022.06.04"]

1. e4 {[%clk 01:15:59]} e5 {[%clk 01:15:55]} {[%emt 00:00:06]} 2. Nf3 {[%clk
01:16:24]} {[%emt 00:00:04]} Nc6 {[%clk 01:16:19]} {[%emt 00:00:07]} 3. Nc3
{[%clk 01:16:49]} {[%emt 00:00:04]} Nf6 {[%clk 01:16:38]} {[%emt 00:00:11]} 4.
Bb5 {[%clk 01:17:09]} {[%emt 00:00:10]} Nd4 {[%clk 01:16:45]} {[%emt 00:00:24]}
5. Ba4 {[%clk 01:15:46]} {[%emt 00:01:53]} Bb4 {[%clk 01:15:44]} {[%emt
00:01:31]} 6. d3 {[%clk 01:15:51]} {[%emt 00:00:24]} h6 {[%clk 01:15:49]}
{[%emt 00:00:25]} 7. Nxe5 {[%clk 01:16:01]} {[%emt 00:00:21]} O-O {[%clk
01:15:06]} {[%emt 00:01:13]} 8. O-O {[%clk 01:16:15]} {[%emt 00:00:15]} d6
{[%clk 01:15:12]} {[%emt 00:00:24]} 9. Nf3 {[%clk 01:16:39]} {[%emt 00:00:06]}
Nc6 {[%clk 01:14:53]} {[%emt 00:00:45]} 10. Bxc6 {[%clk 01:16:59]} {[%emt
00:00:14]} bxc6 {[%clk 01:15:16]} {[%emt 00:00:08]} 11. Na4 {[%clk 01:16:58]}
{[%emt 00:00:30]} Bg4 {[%clk 01:14:52]} {[%emt 00:00:55]} 12. a3 {[%clk
01:16:58]} {[%emt 00:00:30]} Ba5 {[%clk 01:13:56]} {[%emt 00:01:24]} 13. b4
{[%clk 01:17:10]} {[%emt 00:00:19]} Bb6 {[%clk 01:14:17]} {[%emt 00:00:09]} 14.
c4 {[%clk 01:17:08]} {[%emt 00:00:32]} Bd4 {[%clk 01:14:28]} {[%emt 00:00:18]}
15. Rb1 {[%clk 01:17:20]} {[%emt 00:00:19]} Rb8 {[%clk 01:14:26]} {[%emt
00:00:32]} 16. Be3 {[%clk 01:16:46]} {[%emt 00:01:04]} Bxe3 {[%clk 01:13:56]}
{[%emt 00:01:00]} 17. fxe3 {[%clk 01:17:00]} {[%emt 00:00:16]} d5 {[%clk
01:13:47]} {[%emt 00:00:40]} 18. c5 {[%clk 01:16:54]} {[%emt 00:00:36]} dxe4
{[%clk 01:13:45]} {[%emt 00:00:32]} 19. dxe4 {[%clk 01:16:52]} {[%emt
00:00:31]} Qe7 {[%clk 01:13:57]} {[%emt 00:00:17]} 20. Qd4 {[%clk 01:16:49]}
{[%emt 00:00:32]} Nxe4 {[%clk 01:13:47]} {[%emt 00:00:43]} 21. Ne5 {[%clk
01:16:21]} {[%emt 00:00:57]} Bh5 {[%clk 01:11:07]} {[%emt 00:03:10]} 22. Qxe4
{[%clk 01:16:23]} {[%emt 00:00:29]} Bg6 {[%clk 01:11:10]} {[%emt 00:00:26]} 23.
Qd4 {[%clk 01:16:34]} {[%emt 00:00:19]} Bxb1 {[%clk 01:11:23]} {[%emt
00:00:17]} 24. Rxb1 {[%clk 01:16:54]} {[%emt 00:00:10]} Rfe8 {[%clk 01:10:21]}
{[%emt 00:01:32]} 25. Nxc6 {[%clk 01:16:46]} {[%emt 00:00:38]} Qg5 {[%clk
01:09:32]} {[%emt 00:01:18]} 26. Nxb8 {[%clk 01:16:56]} {[%emt 00:00:21]} Rxb8
{[%clk 01:09:41]} {[%emt 00:00:21]} 27. Nb2 {[%clk 01:17:14]} {[%emt 00:00:13]}
Qf5 {[%clk 01:09:30]} {[%emt 00:00:39]} 28. Rf1 {[%clk 01:16:44]} {[%emt
00:01:01]} Qg6 {[%clk 01:08:15]} {[%emt 00:01:45]} 29. Nc4 {[%clk 01:16:32]}
{[%emt 00:00:42]} Re8 {[%clk 01:07:47]} {[%emt 00:00:58]} 30. Na5 {[%clk
01:16:27]} {[%emt 00:00:36]} Re4 {[%clk 01:08:03]} {[%emt 00:00:13]} 31. Qd2
{[%clk 01:16:26]} {[%emt 00:00:26]} Rg4 {[%clk 01:05:35]} {[%emt 00:03:03]} 32.
g3 {[%clk 01:16:29]} {[%emt 00:00:27]} c6 {[%clk 01:04:00]} {[%emt 00:02:05]}
33. Qg2 {[%clk 01:16:03]} {[%emt 00:00:53]} h5 {[%clk 01:04:06]} {[%emt
00:00:27]} 34. h4 {[%clk 01:16:04]} {[%emt 00:00:29]} Rxg3 {[%clk 01:04:01]}
{[%emt 00:00:35]} 35. Qxg3 {[%clk 01:16:04]} {[%emt 00:00:30]} Qxg3+ {[%clk
01:04:17]} {[%emt 00:00:13]} 36. Kh1 {[%clk 01:16:17]} {[%emt 00:00:17]} Qxh4+
{[%clk 01:03:54]} {[%emt 00:00:53]} 37. Kg1 {[%clk 01:16:40]} {[%emt 00:00:08]}
Qg3+ {[%clk 01:04:09]} {[%emt 00:00:16]} 38. Kh1 {[%clk 01:17:01]} {[%emt
00:00:09]} h4 {[%clk 01:04:31]} {[%emt 00:00:07]} 39. Rd1 {[%clk 01:17:19]}
{[%emt 00:00:11]} h3 {[%clk 01:04:43]} {[%emt 00:00:19]} 40. Rd8+ {[%clk
01:17:40]} {[%emt 00:00:10]} Kh7 {[%clk 01:04:58]} {[%emt 00:00:15]} 41. Rd4
{[%clk 01:17:18]} {[%emt 00:00:47]} Qg2# {[%clk 01:05:18]} {[%emt 00:00:14]}
0-1

[Event "DEM U10w 2022"]
[Site "Willingen GER"]
[Date "2022.06.06"]
[Round "3"]
[White "Weyerer, Elea"]
[Black "Berger, Jennifer"]
[Result "1/2-1/2"]
[Termination "normal"]
[Board "12"]
[WhiteElo "876"]
[BlackElo "1046"]
[WhiteClock "00:43:27"]
[BlackClock "00:53:26"]
[PlyCount "86"]
[WhiteFideId "34605770"]
[BlackFideId "34630074"]
[EventCountry "GER"]
[EventRounds "11"]
[EventType "swiss"]
[EventDate "2022.06.04"]

1. d4 {[%clk 01:15:58]} d5 {[%clk 01:15:47]} {[%emt 00:00:14]} 2. Bf4 {[%clk
01:16:20]} {[%emt 00:00:07]} Nc6 {[%clk 01:15:30]} {[%emt 00:00:48]} 3. e3
{[%clk 01:16:37]} {[%emt 00:00:12]} Bf5 {[%clk 01:15:44]} {[%emt 00:00:17]} 4.
c4 {[%clk 01:16:54]} {[%emt 00:00:12]} Nf6 {[%clk 01:16:01]} {[%emt 00:00:13]}
5. Nc3 {[%clk 01:17:05]} {[%emt 00:00:19]} Qd7 {[%clk 01:15:54]} {[%emt
00:00:38]} 6. Qb3 {[%clk 01:16:58]} {[%emt 00:00:35]} O-O-O {[%clk 01:15:52]}
{[%emt 00:00:33]} 7. Nf3 {[%clk 01:16:40]} {[%emt 00:00:49]} e6 {[%clk
01:15:46]} {[%emt 00:00:36]} 8. Rc1 {[%clk 01:15:17]} {[%emt 00:01:52]} Bb4
{[%clk 01:14:40]} {[%emt 00:01:36]} 9. a3 {[%clk 01:14:52]} {[%emt 00:00:55]}
Ba5 {[%clk 01:10:58]} {[%emt 00:04:12]} 10. Qd1 {[%clk 01:13:40]} {[%emt
00:01:42]} dxc4 {[%clk 01:09:23]} {[%emt 00:02:06]} 11. Bxc4 {[%clk 01:13:42]}
{[%emt 00:00:28]} Qe7 {[%clk 01:09:13]} {[%emt 00:00:40]} 12. O-O {[%clk
01:13:01]} {[%emt 00:01:10]} h5 {[%clk 01:09:03]} {[%emt 00:00:40]} 13. Qa4
{[%clk 01:11:50]} {[%emt 00:01:42]} Bb6 {[%clk 01:08:35]} {[%emt 00:00:58]} 14.
Bb5 {[%clk 01:10:26]} {[%emt 00:01:54]} Nb8 {[%clk 01:08:41]} {[%emt 00:00:24]}
15. Qc4 {[%clk 01:09:21]} {[%emt 00:01:33]} Be4 {[%clk 01:06:21]} {[%emt
00:02:49]} 16. Nxe4 {[%clk 01:08:46]} {[%emt 00:01:07]} Nxe4 {[%clk 01:06:16]}
{[%emt 00:00:34]} 17. b4 {[%clk 01:06:18]} {[%emt 00:02:58]} c6 {[%clk
01:05:12]} {[%emt 00:01:36]} 18. Qc2 {[%clk 01:05:15]} {[%emt 00:01:30]} Nd6
{[%clk 01:02:40]} {[%emt 00:03:04]} 19. Bxd6 {[%clk 01:01:11]} {[%emt
00:04:34]} Qxd6 {[%clk 01:02:55]} {[%emt 00:00:14]} 20. Ne5 {[%clk 01:01:25]}
{[%emt 00:00:16]} Rdf8 {[%clk 01:02:16]} {[%emt 00:01:10]} 21. Rfd1 {[%clk
01:00:17]} {[%emt 00:01:36]} Bc7 {[%clk 01:00:49]} {[%emt 00:01:59]} 22. Rd3
{[%clk 00:57:12]} {[%emt 00:03:34]} cxb5 {[%clk 00:59:56]} {[%emt 00:01:24]}
23. Rc3 {[%clk 00:56:36]} {[%emt 00:01:04]} Na6 {[%clk 00:58:47]} {[%emt
00:01:42]} 24. a4 {[%clk 00:55:50]} {[%emt 00:01:16]} f6 {[%clk 00:59:12]}
{[%emt 00:00:05]} 25. axb5 {[%clk 00:54:24]} {[%emt 00:01:55]} Kb8 {[%clk
00:56:30]} {[%emt 00:03:12]} 26. bxa6 {[%clk 00:54:04]} {[%emt 00:00:51]} Rc8
{[%clk 00:55:37]} {[%emt 00:01:22]} 27. axb7 {[%clk 00:53:32]} {[%emt
00:01:04]} Kxb7 {[%clk 00:55:48]} {[%emt 00:00:18]} 28. Nf3 {[%clk 00:53:30]}
{[%emt 00:00:31]} g5 {[%clk 00:55:51]} {[%emt 00:00:27]} 29. Rc6 {[%clk
00:51:52]} {[%emt 00:02:07]} Qd7 {[%clk 00:55:38]} {[%emt 00:00:43]} 30. Qa4
{[%clk 00:51:09]} {[%emt 00:01:14]} Bxh2+ {[%clk 00:55:31]} {[%emt 00:00:37]}
31. Nxh2 {[%clk 00:50:34]} {[%emt 00:01:05]} Rxc6 {[%clk 00:55:51]} {[%emt
00:00:10]} 32. Qb5+ {[%clk 00:50:14]} {[%emt 00:00:48]} Kc7 {[%clk 00:55:53]}
{[%emt 00:00:30]} 33. Qa5+ {[%clk 00:48:39]} {[%emt 00:02:06]} Kd6 {[%clk
00:55:34]} {[%emt 00:00:49]} 34. Rxc6+ {[%clk 00:48:18]} {[%emt 00:00:51]} Qxc6
{[%clk 00:55:46]} {[%emt 00:00:17]} 35. Qxa7 {[%clk 00:48:24]} {[%emt
00:00:24]} h4 {[%clk 00:55:44]} {[%emt 00:00:32]} 36. Qg7 {[%clk 00:47:30]}
{[%emt 00:01:24]} h3 {[%clk 00:55:36]} {[%emt 00:00:39]} 37. f3 {[%clk
00:46:17]} {[%emt 00:01:40]} Rh4 {[%clk 00:53:49]} {[%emt 00:02:19]} 38. Qxf6
{[%clk 00:43:52]} {[%emt 00:02:55]} hxg2 {[%clk 00:53:33]} {[%emt 00:00:46]}
39. Qxg5 {[%clk 00:42:44]} {[%emt 00:01:37]} Qc1+ {[%clk 00:53:35]} {[%emt
00:00:30]} 40. Kf2 {[%clk 00:42:50]} {[%emt 00:00:23]} g1=Q+ {[%clk 00:53:49]}
{[%emt 00:00:16]} 41. Qxg1 {[%clk 00:43:05]} {[%emt 00:00:16]} Qxg1+ {[%clk
00:53:45]} {[%emt 00:00:33]} 42. Kxg1 {[%clk 00:43:30]} {[%emt 00:00:05]} Kc6
{[%clk 00:53:54]} {[%emt 00:00:22]} 43. Ng4 {[%clk 00:43:27]} {[%emt 00:00:33]}
Kb5 {[%clk 00:53:26]} {[%emt 00:00:57]} 1/2-1/2

[Event "DEM U10w 2022"]
[Site "Willingen GER"]
[Date "2022.06.06"]
[Round "3"]
[White "Lola, Georgia-Maria"]
[Black "Klymenko, Mariia"]
[Result "0-1"]
[Termination "normal"]
[Board "13"]
[WhiteElo "1016"]
[BlackElo "871"]
[PlyCount "128"]
[WhiteFideId "34629335"]
[BlackFideId "34620621"]
[EventCountry "GER"]
[EventRounds "11"]
[EventType "swiss"]
[EventDate "2022.06.04"]

1. e4 e5 2. Nf3 Nc6 3. Nc3 Bc5 4. Nxe5 Nxe5 5. d4 Bxd4 6. Qxd4 Nc6 7. Qxg7 Qf6
8. Qxf6 Nxf6 9. Bb5 Rg8 10. g3 Nd4 11. Kd1 Ng4 12. Be3 c5 13. b4 b6 14. h3
Nxe3+ 15. fxe3 Rxg3 16. Nd5 Nxb5 17. a4 Nc3+ 18. Nxc3 Bb7 19. Ke2 cxb4 20. Nd5
Bxd5 21. exd5 Rc8 22. Kf2 Rg5 23. e4 Rxc2+ 24. Kf3 f6 25. Rhc1 Rc5 26. Rxc5
bxc5 27. h4 Re5 28. Rc1 d6 29. Rg1 Kf7 30. Kf4 Re8 31. h5 Rg8 32. Rb1 Rb8 33.
Ke3 a5 34. Kd3 Kg7 35. Rf1 Kh6 36. Rxf6+ Kxh5 37. Rxd6 b3 38. Rf6 b2 39. Rf5+
Kg6 40. Rf1 b1=Q+ 41. Rxb1 Rxb1 42. Kc4 Rc1+ 43. Kb5 h5 44. d6 Kf7 45. Kc6 Ke8
46. e5 Re1 47. Kd5 c4 48. Kxc4 Rxe5 49. Kd4 Rg5 50. Ke4 h4 51. Kf4 h3 52. Kxg5
h2 53. Kf5 Kd7 54. Ke5 h1=Q 55. Kd4 Qh5 56. Kc4 Qe5 57. Kd3 Qf4 58. Kc3 Kxd6
59. Kb3 Qd4 60. Ka3 Qb6 61. Ka2 Kc5 62. Ka1 Kc4 63. Ka2 Kc3 64. Ka1 Qb2# 0-1

[Event "DEM U10w 2022"]
[Site "Willingen GER"]
[Date "2022.06.06"]
[Round "3"]
[White "Nguyen, Minh Anh"]
[Black "Schirmbeck, Lilian"]
[Result "0-1"]
[Termination "normal"]
[Board "14"]
[WhiteElo "774"]
[BlackElo "980"]
[PlyCount "64"]
[BlackFideId "34620532"]
[EventCountry "GER"]
[EventRounds "11"]
[EventType "swiss"]
[EventDate "2022.06.04"]

1. d4 d5 2. Nf3 Nc6 3. c4 e6 4. Nc3 Nf6 5. e3 Bb4 6. Bd2 O-O 7. a3 Bxc3 8. Bxc3
Ne4 9. Qc2 Bd7 10. Bd3 Nf6 11. O-O Qe7 12. h3 a6 13. cxd5 exd5 14. Ne5 h6 15.
Nxc6 bxc6 16. Bb4 c5 17. Bxc5 Qe6 18. Bxf8 Rxf8 19. Qxc7 Rc8 20. Qe5 Qc6 21. f3
Qb6 22. Rab1 Qb3 23. Bxa6 Rc2 24. Rf2 Rxf2 25. Kxf2 Qc2+ 26. Kg3 Qxb1 27. Qb8+
Kh7 28. h4 Qe1+ 29. Kh2 Qxh4+ 30. Kg1 Qg5 31. Bd3+ g6 32. b4 Qxe3+ 0-1

[Event "DEM U10w 2022"]
[Site "Willingen GER"]
[Date "2022.06.06"]
[Round "3"]
[White "Malagatte, Samiksha"]
[Black "Krannich, Eva"]
[Result "1/2-1/2"]
[Termination "normal"]
[Board "16"]
[WhiteElo "1056"]
[BlackElo "845"]
[PlyCount "125"]
[WhiteFideId "34633790"]
[BlackFideId "34639713"]
[EventCountry "GER"]
[EventRounds "11"]
[EventType "swiss"]
[EventDate "2022.06.04"]

1. e4 e6 2. d4 d5 3. exd5 exd5 4. Nf3 Bd6 5. Bd3 Nc6 6. O-O Nge7 7. Bg5 f6 8.
Be3 Bg4 9. h3 Bh5 10. Be2 Qd7 11. Ne5 fxe5 12. Bxh5+ g6 13. Be2 O-O-O 14. dxe5
Bxe5 15. c3 Rhg8 16. Na3 h5 17. Rb1 g5 18. Bxh5 Bd6 19. Bg4 Nf5 20. Qd3 Nce7
21. Rfe1 Kb8 22. Nb5 a6 23. Nxd6 cxd6 24. Qd2 Qe8 25. Bxg5 Qf7 26. Bxe7 Nxe7
27. Be6 Qg6 28. Bxg8 Rxg8 29. g4 Nf5 30. Qxd5 Nh4 31. Re6 Qxb1+ 32. Kh2 Qxb2
33. Rxd6 Qxf2+ 34. Kh1 Re8 35. Rd8+ Rxd8 36. Qxd8+ Ka7 37. Qd4+ Qxd4 38. cxd4
Kb6 39. Kh2 Nf3+ 40. Kg3 Nxd4 41. g5 Ne6 42. g6 Ng7 43. Kg4 Kc7 44. Kg5 Kd7 45.
h4 Ke7 46. h5 Ne6+ 47. Kh6 Kf8 48. Kh7 Ng5+ 49. Kh8 Nf7+ 50. Kh7 Ng5+ 51. Kh6
Nf7+ 52. Kh7 Ng5+ 53. Kh6 Nf7+ 54. Kh7 Ng5+ 55. Kh6 Nf7+ 56. gxf7 Kxf7 57. Kg5
Kg8 58. Kg6 Kh8 59. h6 b5 60. Kf5 a5 61. Ke4 b4 62. Kd4 a4 63. Kc4 1/2-1/2

[Event "DEM U10w 2022"]
[Site "Willingen GER"]
[Date "2022.06.06"]
[Round "3"]
[White "Rutschmann, Polly"]
[Black "Albrecht, Sidney Jenna"]
[Result "1/2-1/2"]
[Termination "normal"]
[Board "20"]
[WhiteElo "903"]
[BlackElo "814"]
[PlyCount "69"]
[WhiteFideId "34621261"]
[BlackFideId "34660283"]
[EventCountry "GER"]
[EventRounds "11"]
[EventType "swiss"]
[EventDate "2022.06.04"]

1. e4 c5 2. Nf3 Nc6 3. Bc4 g6 4. Nc3 Bg7 5. Ng5 e6 6. Nf3 Nge7 7. d3 O-O 8. Bd2
d5 9. exd5 exd5 10. Bb3 d4 11. Ne4 Re8 12. O-O Nf5 13. Bg5 Qc7 14. Qd2 Bd7 15.
Qf4 Qxf4 16. Bxf4 Na5 17. Bd5 c4 18. Nd6 Nxd6 19. Bxd6 cxd3 20. cxd3 Bc6 21.
Bxc6 Nxc6 22. Rfe1 Red8 23. Be5 Nb4 24. Red1 Bxe5 25. Nxe5 Rac8 26. Kf1 Rd5 27.
a3 Nc6 28. Nxc6 Rxc6 29. Rac1 Rxc1 30. Rxc1 Rb5 31. b4 a5 32. bxa5 Rxa5 33. Rc7
b5 34. Rb7 h5 35. h4 1/2-1/2

[Event "DEM U10w 2022"]
[Site "Willingen GER"]
[Date "2022.06.06"]
[Round "4"]
[White "Yang, Sophie"]
[Black "Ramakrishnan, Veda"]
[Result "1/2-1/2"]
[Termination "normal"]
[Board "1"]
[WhiteElo "1209"]
[BlackElo "1191"]
[WhiteClock "01:12:51"]
[BlackClock "01:03:43"]
[WhiteFideId "16279174"]
[BlackFideId "16269519"]
[EventCountry "GER"]
[EventRounds "11"]
[EventType "swiss"]
[EventDate "2022.06.04"]

1. e4 {[%clk 01:15:58]} {[%emt 00:00:02]} d5 {[%clk 01:15:55]} {[%emt
00:00:05]} 2. exd5 {[%clk 01:16:22]} {[%emt 00:00:06]} Qxd5 {[%clk 01:16:18]}
{[%emt 00:00:07]} 3. Nc3 {[%clk 01:16:45]} {[%emt 00:00:07]} Qd8 {[%clk
01:16:40]} {[%emt 00:00:08]} 4. d4 {[%clk 01:17:10]} {[%emt 00:00:05]} Nf6
{[%clk 01:17:00]} {[%emt 00:00:11]} 5. Nf3 {[%clk 01:17:33]} {[%emt 00:00:07]}
Bg4 {[%clk 01:16:55]} {[%emt 00:00:34]} 6. h3 {[%clk 01:17:33]} {[%emt
00:00:12]} Bxf3 {[%clk 01:17:17]} {[%emt 00:00:26]} 7. Qxf3 {[%clk 01:17:55]}
{[%emt 00:00:09]} c6 {[%clk 01:17:36]} {[%emt 00:00:11]} 8. Bc4 {[%clk
01:17:30]} {[%emt 00:00:54]} Qxd4 {[%clk 01:16:57]} {[%emt 00:01:10]} 9. Bb3
{[%clk 01:17:40]} {[%emt 00:00:19]} e6 {[%clk 01:15:49]} {[%emt 00:01:38]} 10.
O-O {[%clk 01:17:17]} {[%emt 00:00:53]} Be7 {[%clk 01:15:10]} {[%emt 00:01:08]}
11. Be3 {[%clk 01:17:36]} {[%emt 00:00:12]} Qd8 {[%clk 01:15:15]} {[%emt
00:00:16]} 12. Rad1 {[%clk 01:17:09]} {[%emt 00:01:06]} Qc8 {[%clk 01:13:21]}
{[%emt 00:02:25]} 13. Qg3 {[%clk 01:16:32]} {[%emt 00:01:04]} g6 {[%clk
01:11:35]} {[%emt 00:02:17]} 14. Bh6 {[%clk 01:16:21]} {[%emt 00:00:40]} Nbd7
{[%clk 01:10:10]} {[%emt 00:01:57]} 15. Qh4 {[%clk 01:15:07]} {[%emt 00:01:42]}
Ng8 {[%clk 01:06:17]} {[%emt 00:04:22]} 16. Qf4 {[%clk 01:15:10]} {[%emt
00:00:27]} Nxh6 {[%clk 01:04:50]} {[%emt 00:02:00]} 17. Qxh6 {[%emt 00:00:05]}
Bf8 {[%emt 00:00:07]} 18. Qe3 {[%clk 01:14:04]} {[%emt 00:01:21]} Bg7 {[%clk
01:04:39]} {[%emt 00:00:40]} 19. Rd2 {[%clk 01:13:41]} {[%emt 00:00:58]} O-O
{[%clk 01:04:47]} {[%emt 00:00:21]} 20. Rfd1 {[%clk 01:12:51]} {[%emt
00:00:17]} Nb6 {[%clk 01:03:43]} {[%emt 00:02:36]} 1/2-1/2